Artificial intelligence and creativity : an interdisciplinary approach
Αποθηκεύτηκε σε:
| Άλλοι συγγραφείς: | |
|---|---|
| Μορφή: | Βιβλίο |
| Γλώσσα: | English |
| Δημοσίευση: |
Dordrecht :
Kluwer Academic Pub.,
c1994
|
| Σειρά: | Studies in cognitive systems ;
; 17 |
| Θέματα: | |
| Ετικέτες: |
Προσθήκη ετικέτας
Δεν υπάρχουν, Καταχωρήστε ετικέτα πρώτοι!
|
MARC
| LEADER | 00000nam a2200000 i 4500 | ||
|---|---|---|---|
| 001 | 1/74182 | ||
| 008 | 990427s1994 eng d | ||
| 020 | |a 0-7923-3061-7 | ||
| 035 | |l 10048998 | ||
| 040 | |a GR-MY-UA |b gre |e aacr | ||
| 041 | 0 | |a eng | |
| 082 | 0 | |a 006.3 | |
| 245 | 1 | 0 | |a Artificial intelligence and creativity : |b an interdisciplinary approach / |c edited by Terry Dartnall |
| 260 | |a Dordrecht : |b Kluwer Academic Pub., |c c1994 | ||
| 300 | |a xiii, 455 p.; |b ill.; |c 24 cm. | ||
| 490 | 1 | |a Studies in cognitive systems |v ; 17 | |
| 500 | |a Includes bibliographical references and index | ||
| 650 | 0 | 0 | |a Artificial intelligence. |
| 650 | 0 | 0 | |a Creative ability. |
| 700 | 1 | |a Dartnall, Terry |d 1943- |4 edt | |
| 830 | 0 | |a Studies in cognitive systems ; |v ; 17 | |
| 852 | |a INST |b SAMOS |e 19990427 |h 006.3 ART |p 005300012748 |q 005300012748 |t BK |y 0 | ||
| 901 | |a BIBL-1999-1 | ||
| 909 | |a Σ |b 063063 | ||
| 922 | |a 3ΕΛΗ |b 199901 |c ΚΠΣ |d GLORY | ||